000 00816nam a22002177a 4500
999 _c18274
_d18274
003 AR-CdUCM
008 190513b ||||| |||| 00| 0 spa d
040 _aMUNICIPALIDAD PROVINCIAL DEL CUSCO
_cBIBLIOTECA MUNICIPAL DEL CUSCO
082 _a531.1 /
_bAG29
100 _aAgostoni, A.
_938766
245 _aEl movimiento y las fuerzas :
_bSerie: Física y Química /
260 _aBuenos Aires :
_bKapelusz,
_c1970.
300 _a103 páginas ;
_bilustraciones,
_c24 cm.
505 _aContenido: La física -- El movimiento y las fuerzas -- Las máquinas y el trabajo -- La mecánica de los fluidos -- La presión -- Submarinos ...
650 _aFísica
_92382
650 _aQuímica
_94512
650 _aCiencia
_92098
700 _aForni, G. (coautor)
_938767
942 _2ddc
_cLIBROS
945 _aachl
_d2019-05-13